000 00719nam a2200217 a 4500
001 43886
003 BD-RjUL
005 20211209053752.0
008 160628m1962 bg ||||| |||| 00| 0 ben d
035 _a(BD-RjUL)43998
040 _aBD-RjUL
_bben
_cBD-RjUL
041 _aben
082 _223
_a891.443
_bKAU 1962
100 _aকরীম, রশীদ.
_9134857
245 _aউত্তম পুরুষ /
_cরশীদ করীম.
260 _aঢাকা :
_bআনিস ব্রাদার্স,
_c১৯৬২ [১৩৬৯]
300 _a২১৭ পৃ. ;
_c২০ সেমি.
650 _aবাংলা উপন্যাস
_9134858
650 _aBengali Fiction
_9134859
942 _2ddc
_cBK
999 _c43886
_d43886